Catálogo
 En Linea

Adiós, Muñeca : (Registro nro. 42107)

Detalles MARC
000 -CABECERA
campo de control de longitud fija 00643nam a2200193 a 4500
001 - NÚMERO DE CONTROL
campo de control 000042618
005 - FECHA Y HORA DE LA ÚLTIMA TRANSACCIÓN
campo de control 20201002040258.0
008 - DATOS DE LONGITUD FIJA--INFORMACIÓN GENERAL
campo de control de longitud fija 140203s2002 sp ac 000 0 spa d
020 ## - NÚMERO INTERNACIONAL ESTÁNDAR DEL LIBRO
Número Internacional Estándar del Libro 8467001046
040 ## - FUENTE DE LA CATALOGACIÓN
Centro catalogador/agencia de origen DO-SdBNP
Lengua de catalogación spa
Centro/agencia transcriptor BNPHU
082 ## - NÚMERO DE LA CLASIFICACIÓN DECIMAL DEWEY
Número de clasificación xxxx
Número de documento/Ítem F738a
100 1# - ENTRADA PRINCIPAL--NOMBRE DE PERSONA
Nombre de persona Fortes, Susana,
Fechas asociadas al nombre 1959-
9 (RLIN) 69876
245 10 - MENCIÓN DE TÍTULO
Título Adiós, Muñeca :
Resto del título cuaderno de Cine /
Mención de responsabilidad, etc. Susana Fortes ; prólogo de Bigas Luna.
260 ## - PUBLICACIÓN, DISTRIBUCIÓN, ETC.
Lugar de publicación, distribución, etc. Madrid :
Nombre del editor, distribuidor, etc. Espasa Calpe,
Fecha de publicación, distribución, etc. 2002.
300 ## - DESCRIPCIÓN FÍSICA
Extensión 199 p., [16] p. de lám. ;
Dimensiones 23 cm.
500 ## - NOTA GENERAL
Nota general Incluye datos biográficos de la autora en la solapas
590 ## - NOTA LOCAL (RLIN)
Nota local Inventariado, 2019 /LP
700 12 - PUNTO DE ACCESO ADICIONAL--NOMBRE DE PERSONA
Nombre de persona Luna, Bigas,
Término indicativo de función/relación pról.
9 (RLIN) 69877
Existencias
Estado de retiro Estado de pérdida Restricciones de uso No para préstamo Código de colección Localización permanente Ubicación/localización actual Ubicación en estantería Fecha de adquisición Número de inventario Total de préstamos Signatura topográfica completa Código de barras Fecha visto por última vez Precio válido a partir de Tipo de ítem Koha
      Excluido de préstamo Monografías: Libros y Folletos General General En catalogación 03.02.2014 LF1   xxxx F738a 42618-10 25.06.2020 25.06.2020 No se presta

Con tecnología Koha